000 00732nam a2200241Ia 4500
003 OSt
005 20220924113201.0
006 a|||||r|||| 00| 0
007 ta
008 220923b |||||||| |||| 00| 0 ara d
024 _a231732
037 _cDictionary
040 _aARTS
_cARTS
_bara
041 _2ara
_aara
082 _aW:(P111:4)k, 28N82(FAL/RR)
100 _aAbdallah Hassan
_9169660
245 0 _aDictionary of intenational relations and conference terminology English-Arabic
260 _aBeirut
_bLibrairie du Liban
_c1982
300 _axx,654p
_ccm.
650 _aARABIC LITERATURE
942 _hW:(P111:4)k, 28N82(FAL/RR)
_cdic
_2cc
999 _c389476
_d389476